000 00314nam a2200109Ia 4500
008 180305s9999 xx 000 0 und d
020 _a9789712348730
100 _aMelchor, Marciano B.
245 _cMarciano B. Melchor
_aIntroduction to Biology
260 _aManila
_bRex Book Store
_c2007
300 _aiii, 152 Pages
999 _c356060
_d356060